| 000 | 01207nam a2200337 c 4500 | ||
|---|---|---|---|
| 001 | 22454 | ||
| 003 | ES-MaCES | ||
| 005 | 20141221122804.0 | ||
| 008 | 090921s2009 sp t o000 | spa d | ||
| 017 |
_aBI 32352-2009 _bDL |
||
| 020 | _a9788445132326 | ||
| 035 | _aCES20090009403m | ||
| 040 |
_aES-MaCES _bspa _cES-MaCES |
||
| 245 | 0 | 0 | _aInformes elaborados por el Consejo Económico y Social de la Comunidad de Madrid en 2008 |
| 250 | _a1ª ed | ||
| 260 |
_aMadrid _bCES, Comunidad de Madrid _c2009 |
||
| 300 |
_a445 p. _c23 cm |
||
| 500 | _aTít. de la cub.: Informes 2008 Memoria | ||
| 541 | _cGratuito | ||
| 650 | 4 |
_aMadrid (Comunidad Autónoma) _930777 |
|
| 650 | 4 |
_ainforme _928986 |
|
| 650 | 4 |
_a2008 _931908 |
|
| 653 | 1 | 0 | _aInformes CES |
| 710 | 2 |
_aConsejo Económico y Social (Madrid) _92424 |
|
| 740 | 0 | 2 | _aInformes 2008 Memoria |
| 787 | 0 |
_tInformes elaborados por el Consejo Económico y Social de la Comunidad de Madrid en 2009 _w(ES-MaCES)23326 |
|
| 787 | 0 |
_tInformes elaborados por el Consejo Económico y Social de la Comunidad de Madrid en 2007 _w(ES-MaCES)21477 |
|
| 902 | _aLIB Libro | ||
| 942 |
_2CES _cBK _h6.0.12. |
||
| 999 |
_c22454 _d22454 |
||